Manual of Nursing Procedures and Practice (Record no. 500)
[ view plain ]
| 000 -LEADER | |
|---|---|
| Fixed length control field | 00604nam a2200217Ia 4500 |
| 003 - CONTROL NUMBER IDENTIFIER | |
| Control field | IIN |
| 005 - DATE AND TIME OF LATEST TRANSACTION | |
| Control field | 20240122155959.0 |
| 008 - FIXED-LENGTH DATA ELEMENTS--GENERAL INFORMATION | |
| Fixed length control field | 231217s9999 xx 000 0 und d |
| 020 ## - INTERNATIONAL STANDARD BOOK NUMBER / ISBN | |
| Price | Rs.1399.00 |
| International Standard Book Number | 9789386691927 |
| 040 ## - CATALOGING SOURCE | |
| Original cataloging agency | IIN |
| Language of cataloging | English |
| 082 ## - DEWEY DECIMAL CLASSIFICATION NUMBER | |
| Classification number | 610.73 |
| Book Number | OMA |
| 100 1# - MAIN ENTRY--PERSONAL NAME | |
| Personal name | Aich, Omayal |
| 245 1# - TITLE STATEMENT | |
| Title | Manual of Nursing Procedures and Practice |
| Statement of responsibility | Omayal Aich College of Nursing |
| 250 ## - EDITION STATEMENT | |
| Edition statement | .-2nd ed |
| 260 ## - IMPRINT | |
| Name of publisher | Wolters Kluwer |
| Place of publication | New Delhi |
| Date of publication | 2018 |
| 300 ## - PHYSICAL DESCRIPTION | |
| Page / Vol. No | xiv, 989 p. |
| 650 1# - SUBJECT ADDED ENTRY--TOPICAL TERM | |
| Topical term | Foundation |
| Form subdivision | Nursing |
| 650 1# - SUBJECT ADDED ENTRY--TOPICAL TERM | |
| Topical term | Fundamental |
| Form subdivision | Nursing |
| 650 1# - SUBJECT ADDED ENTRY--TOPICAL TERM | |
| Topical term | Procedures |
| Form subdivision | Nursing |
| 942 ## - ADDED ENTRY ELEMENTS (KOHA) | |
| Koha item type | Books |
| Withdrawn status | Lost status | Source of classification | Damaged status | Not for loan | Collection code | Home library | Current library | Date acquired | Price | Total Checkouts | Call number | Accession number | Date last seen | Price effective from | Koha item type | Date checked out |
|---|---|---|---|---|---|---|---|---|---|---|---|---|---|---|---|---|
| Dewey Decimal Classification | IDEAL INSTITUTE OF NURSING | IDEAL INSTITUTE OF NURSING | 17/12/2023 | 1399.00 | 610.73 OMA | 495 | 17/12/2023 | 17/12/2023 | Books | |||||||
| Dewey Decimal Classification | IDEAL INSTITUTE OF NURSING | IDEAL INSTITUTE OF NURSING | 17/12/2023 | 1399.00 | 1 | 610.73 OMA | 496 | 22/03/2024 | 17/12/2023 | Books | 21/03/2024 | |||||
| Dewey Decimal Classification | IDEAL INSTITUTE OF NURSING | IDEAL INSTITUTE OF NURSING | 17/12/2023 | 1399.00 | 610.73 OMA | 497 | 17/12/2023 | 17/12/2023 | Books | |||||||
| Dewey Decimal Classification | IDEAL INSTITUTE OF NURSING | IDEAL INSTITUTE OF NURSING | 17/12/2023 | 1399.00 | 610.73 OMA | 498 | 17/12/2023 | 17/12/2023 | Books | |||||||
| Dewey Decimal Classification | IDEAL INSTITUTE OF NURSING | IDEAL INSTITUTE OF NURSING | 17/12/2023 | 1399.00 | 1 | 610.73 OMA | 499 | 27/03/2024 | 17/12/2023 | Books | 21/03/2024 |
